| 000 | 00803cab a2200253 4500 | ||
|---|---|---|---|
| 001 | ABS58132 | ||
| 008 | 090401t1998 xxu||||| |||| 00| 0 eng d | ||
| 035 | _a(Sirsi) u83493 | ||
| 041 | _aeng | ||
| 100 | _aPilkington, L. | ||
| 245 | _aFreedom to move | ||
| 260 | _c1998 | ||
| 350 | _a0 | ||
| 490 |
_aEstates Gazette _v(9802) 10 January 1998, 56-57(2) |
||
| 520 | _aReports on the new headquarters of the charity Scope and how it was designed so as to allow access for disabled workers. | ||
| 650 | _aACCESS TO BUILDINGS | ||
| 650 | _aMANAGEMENT-BUSINESS MANAGEMENT-DISCRIMINATION-DISABILITY DISCRIMINATION-ACCESSIBILITY | ||
| 650 | _aDISABLED PEOPLE | ||
| 650 | _aSCOPE | ||
| 650 | _aWORKPLACES | ||
| 690 | _aBUILT ENVIRONMENT-CONSTRUCTION DESIGN | ||
| 942 | _n0 | ||
| 948 | _c03/02/1998 | ||
| 999 |
_c52737 _d52737 |
||